Churning

Vymedzenie pojmu churning (čerenie). Praktiky churninhu. Posudzovanie churningu ako nekalej praktiky. Nadmerné obchodovanie. Úmysel obohatenia sa na úkor klienta.

Guardado en:
Detalles Bibliográficos
Autor principal: Tkáč, Peter
Formato: Capítulo de libro
Lenguaje:eslovaco
Materias:
Etiquetas: Agregar Etiqueta
Sin Etiquetas, Sea el primero en etiquetar este registro!

MARC

LEADER 00000naa a2200000 4500
001 0142774
005 20221107083828.5
041 0 |a slo 
044 |a SK 
245 1 0 |a Churning  |c Peter Tkáč 
520 |a Vymedzenie pojmu churning (čerenie). Praktiky churninhu. Posudzovanie churningu ako nekalej praktiky. Nadmerné obchodovanie. Úmysel obohatenia sa na úkor klienta. 
610 2 0 |a papiere cenné 
610 2 0 |a klienti 
610 2 0 |a investovanie 
610 2 0 |a obchod nezákonný 
610 2 0 |a činnosť trestná 
100 1 |a Tkáč, Peter